Mobbing a sociálna klíma v zamestnaneckých vzťahoch organizácie

Podstata pojmu mobbing. Charakteristika mobbera. Fázy a priebeh mobbingu. Podoby mobbingu. Prevencia proti mobbingu. Riešenie a postoj vedúceho v krízovej situácii.

Gespeichert in:
Bibliographische Detailangaben
1. Verfasser: Čverhová, Daniela
Format: Buchkapitel
Sprache:Slowakisch
Schlagworte:
Tags: Tag hinzufügen
Keine Tags, Fügen Sie das erste Tag hinzu!

MARC

LEADER 00000naa$a2200000$$$4500
001 0113805
005 20220718110712.8
041 0 |a slo 
044 |a SK 
245 1 0 |a Mobbing a sociálna klíma v zamestnaneckých vzťahoch organizácie  |c Daniela Čverhová 
520 |a Podstata pojmu mobbing. Charakteristika mobbera. Fázy a priebeh mobbingu. Podoby mobbingu. Prevencia proti mobbingu. Riešenie a postoj vedúceho v krízovej situácii. 
610 2 0 |a mobbing 
610 2 0 |a vzťahy pracovné 
610 2 0 |a vzťahy spoločenské 
610 2 0 |a správanie sociálne 
610 2 0 |a pracovisko 
610 2 0 |a manažéri 
100 1 |a Čverhová, Daniela